000 00309 a2200145 4500
001 152747
040 _cEscola São Tomás de Aquino
100 _aQUEIRÓS, Bartolomeu Campos
240 1 0 _aRaul e luar
_lpor
245 1 0 _aRaul e luar
362 0 _a2007
440 1 _aRHJ
697 _aPoesia
942 _cBK
999 _c152747
_d152747